A Comprehensive History of: (Record no. 203945)

MARC details
000 -LEADER
fixed length control field 00844nam a22002177a 4500
005 - DATE AND TIME OF LATEST TRANSACTION
control field 20240704120136.0
010 ## - LCCN (DPL NO)
LC control number ENG-140753
020 ## - INTERNATIONAL STANDARD BOOK NUMBER
Terms of availability 645.00
International Standard Book Number 9788179308882
035 ## - SYSTEM CONTROL NUMBER
System control number EN-124285
082 ## - DEWEY DECIMAL CLASSIFICATION NUMBER
Classification number 954
100 ## - MAIN ENTRY--PERSONAL NAME
Personal name Kar, Priyadarshi
245 ## - TITLE STATEMENT
Title A Comprehensive History of:
Remainder of title MODERN INDIA/
Medium English
Statement of responsibility, etc by Priyadarshi Kar; Brishti Bandhyopadhyay [and] edited by Kalpana Rajaram
250 ## - EDITION STATEMENT
Edition statement Sixteenth
260 ## - PUBLICATION, DISTRIBUTION, ETC. (IMPRINT)
Name of publisher, distributor, etc SPECTRUM BOOKS (P) LTD.
Place of publication, distribution, etc New Delhi
Date of publication, distribution, etc 2024
270 ## - ADDRESS
Address A1 291, First Floor, Janakpuri,
City New Delhi
Postal code 110058
Telephone number 25507922
-- 25623501
-- 25611640
-- 9958327924
Electronic mail address info@spectrumbooksonline.in
300 ## - PHYSICAL DESCRIPTION
Extent xii,648 p.
Dimensions 24cm (Pb)
700 ## - ADDED ENTRY--PERSONAL NAME
Personal name Bandhyopadhya, Brishti
9 (RLIN) 68106
700 ## - ADDED ENTRY--PERSONAL NAME
Personal name Rajaram, Kalpana
9 (RLIN) 68115
942 ## - ADDED ENTRY ELEMENTS (KOHA)
Source of classification or shelving scheme Dewey Decimal Classification
Item type English Books
Classification part 954
Call number suffix Kar
Holdings
Withdrawn status Lost status Not for loan Collection code Home library Current library Date acquired Source of acquisition Cost, normal purchase price Full call number Barcode Copy number Cost, replacement price Koha item type
      Non-fiction Central Jail Tihar Central Jail Tihar 04/07/2024 DBAD 645.00 954 KAR EN-124285 1 645.00 English Books

© Delhi Public Library
Hit Counter
free hit counter